000 00504nam a2200169 i 4500
001 55474
003 ES-MaACL
005 20230906163143.0
007 t|
008 030922s1947 sp ||||1| spa d
100 1 _aDerqui Morilla, Fernando.
_943794
245 1 0 _aRefuerzos de presas /
_cpor Fernando Derqui Morilla.
250 _a5ª ed.
260 _aMadrid :
_b[s.n.],
_c1947 (
_fGráf. Onofre Alonso)
300 _aXII, 14-39 p., 2 lám. :
_bil. ;
_c19 cm.
852 _aES-MaACL
_j1873-F-10
_bR.24333
999 _c55474
_d55474